<?xml version="1.0" encoding="UTF-8"?>
<record
    xmlns:xsi="http://www.w3.org/2001/XMLSchema-instance"
    xsi:schemaLocation="http://www.loc.gov/MARC21/slim http://www.loc.gov/standards/marcxml/schema/MARC21slim.xsd"
    xmlns="http://www.loc.gov/MARC21/slim">

  <leader>01117nam a22002417a 4500</leader>
  <controlfield tag="005">2010083008028.0</controlfield>
  <datafield tag="010" ind1=" " ind2=" ">
    <subfield code="a">MAR-20226</subfield>
  </datafield>
  <datafield tag="020" ind1=" " ind2=" ">
    <subfield code="c">200.00</subfield>
    <subfield code="a">9789380700069</subfield>
  </datafield>
  <datafield tag="035" ind1=" " ind2=" ">
    <subfield code="a">MR-12884</subfield>
  </datafield>
  <datafield tag="037" ind1=" " ind2=" ">
    <subfield code="b">DBAD / PUB</subfield>
  </datafield>
  <datafield tag="082" ind1=" " ind2=" ">
    <subfield code="a">891.46301</subfield>
  </datafield>
  <datafield tag="100" ind1=" " ind2=" ">
    <subfield code="a">&#x92A;&#x935;&#x93E;&#x930;, &#x91C;&#x92F;&#x902;&#x924;</subfield>
    <subfield code="9">18325</subfield>
  </datafield>
  <datafield tag="245" ind1=" " ind2=" ">
    <subfield code="a">&#x92B;&#x93F;&#x928;&#x93F;&#x915;&#x94D;&#x938;&#x91A;&#x94D;&#x92F;&#x93E; &#x930;&#x93E;&#x916;&#x947;&#x924;&#x942;&#x928; &#x909;&#x920;&#x932;&#x93E; &#x92E;&#x94B;&#x930; /</subfield>
    <subfield code="c">&#x91C;&#x92F;&#x902;&#x924; &#x92A;&#x935;&#x93E;&#x930;</subfield>
  </datafield>
  <datafield tag="246" ind1=" " ind2=" ">
    <subfield code="a">Phoenixchya Rakhetun Uthala Mor</subfield>
    <subfield code="b">byJayant Pawar</subfield>
  </datafield>
  <datafield tag="260" ind1=" " ind2=" ">
    <subfield code="a">&#x92E;&#x941;&#x902;&#x92C;&#x908;</subfield>
    <subfield code="b">&#x932;&#x94B;&#x915;&#x935;&#x93E;&#x921;&#x94D;&#x92E;&#x92F; &#x917;&#x943;&#x939;</subfield>
    <subfield code="c">2010</subfield>
  </datafield>
  <datafield tag="270" ind1=" " ind2=" ">
    <subfield code="a">&#x92D;&#x942;&#x92A;&#x947;&#x936; &#x917;&#x941;&#x92A;&#x94D;&#x924;&#x93E; &#x92D;&#x935;&#x928;, 85 &#x938;&#x92F;&#x93E;&#x928;&#x940; &#x930;&#x94B;&#x921;,&#x92A;&#x94D;&#x930;&#x92D;&#x93E;&#x926;&#x947;&#x935;&#x940;</subfield>
    <subfield code="b">&#x92E;&#x941;&#x902;&#x92C;&#x908;</subfield>
    <subfield code="e">400025</subfield>
  </datafield>
  <datafield tag="300" ind1=" " ind2=" ">
    <subfield code="a">179&#x92A;&#x943;</subfield>
    <subfield code="c">22&#x938;&#x947;&#x92E;&#x940; (&#x905;&#x91C;&#x93F;&#x932;&#x94D;&#x926;)</subfield>
  </datafield>
  <datafield tag="650" ind1=" " ind2=" ">
    <subfield code="a">&#x92E;&#x930;&#x93E;&#x920;&#x940; &#x915;&#x925;&#x93E;&#x938;&#x902;&#x917;&#x94D;&#x930;&#x939;</subfield>
    <subfield code="9">18326</subfield>
  </datafield>
  <datafield tag="650" ind1=" " ind2=" ">
    <subfield code="a">Marathi Short Stories</subfield>
    <subfield code="9">18327</subfield>
  </datafield>
  <datafield tag="700" ind1=" " ind2=" ">
    <subfield code="9">17934</subfield>
  </datafield>
  <datafield tag="942" ind1=" " ind2=" ">
    <subfield code="2">ddc</subfield>
    <subfield code="c">MR</subfield>
    <subfield code="m">&#x92A;&#x935;&#x93E;&#x930;</subfield>
    <subfield code="h">891.46301</subfield>
  </datafield>
  <datafield tag="999" ind1=" " ind2=" ">
    <subfield code="c">43745</subfield>
    <subfield code="d">43745</subfield>
  </datafield>
  <datafield tag="952" ind1=" " ind2=" ">
    <subfield code="0">0</subfield>
    <subfield code="1">0</subfield>
    <subfield code="4">0</subfield>
    <subfield code="7">1</subfield>
    <subfield code="8">FIC</subfield>
    <subfield code="a">DBAD</subfield>
    <subfield code="b">DBAD</subfield>
    <subfield code="d">2010-09-04</subfield>
    <subfield code="e">DBAD / PUB</subfield>
    <subfield code="g">200.00</subfield>
    <subfield code="l">0</subfield>
    <subfield code="o">891.46301 &#x92A;&#x935;&#x93E;&#x930;</subfield>
    <subfield code="p">MR-12884</subfield>
    <subfield code="r">2010-09-04 00:00:00</subfield>
    <subfield code="t">1</subfield>
    <subfield code="v">20.00</subfield>
    <subfield code="w">2010-09-04</subfield>
    <subfield code="y">MR</subfield>
  </datafield>
</record>
